Hippos can't swim : (Record no. 640)
[ view plain ]
| 000 -LEADER | |
|---|---|
| fixed length control field | 01328nam a22003617a 4500 |
| 005 - DATE AND TIME OF LATEST TRANSACTION | |
| control field | 20230627161450.0 |
| 020 ## - INTERNATIONAL STANDARD BOOK NUMBER | |
| International Standard Book Number | 9781442493247 (pbk : alk. paper) |
| 020 ## - INTERNATIONAL STANDARD BOOK NUMBER | |
| International Standard Book Number | 9781442493520 (hc : alk. paper) |
| 020 ## - INTERNATIONAL STANDARD BOOK NUMBER | |
| International Standard Book Number | 9781442493254 (ebook) |
| 040 ## - CATALOGING SOURCE | |
| Original cataloging agency | NJQ/DLC |
| Transcribing agency | NJQ |
| Modifying agency | DLC |
| Language of cataloging | eng |
| 050 00 - LIBRARY OF CONGRESS CALL NUMBER | |
| Classification number | QL737.U57 |
| Item number | D57 2014 |
| 082 04 - DEWEY DECIMAL CLASSIFICATION NUMBER | |
| Classification number | 590.2 |
| Edition number | 23 |
| 100 1# - MAIN ENTRY--PERSONAL NAME | |
| Personal name | DiSiena, Laura Lyn. |
| 245 10 - TITLE STATEMENT | |
| Title | Hippos can't swim : |
| Remainder of title | and other fun facts / |
| Statement of responsibility, etc. | by Laura Lyn DiSiena and Hannah Eliot ; illustrated by Pete Oswald. |
| 246 3# - VARYING FORM OF TITLE | |
| Title proper/short title | Hippos can not swim |
| 250 ## - EDITION STATEMENT | |
| Edition statement | First Scholastic printing, January 2015 |
| 260 ## - PUBLICATION, DISTRIBUTION, ETC. | |
| Place of publication, distribution, etc. | New York : |
| Name of publisher, distributor, etc. | Scholastic, |
| Date of publication, distribution, etc. | 2015. |
| 300 ## - PHYSICAL DESCRIPTION | |
| Extent | 30 unnumbered pages ; |
| Dimensions | 22 x 28 cm. |
| Other physical details | color illustrations. |
| 490 0# - SERIES STATEMENT | |
| Series statement | Did you know? |
| 505 ## - FORMATTED CONTENTS NOTE | |
| Formatted contents note | M <br/> |
| 520 ## - SUMMARY, ETC. | |
| Summary, etc. | "A book of fun facts about animals of all sizes, shapes, and species!"-- |
| Assigning source | Provided by publisher. |
| 521 1# - TARGET AUDIENCE NOTE | |
| Target audience note | 780 <br/> |
| Source | Lexile <br/> |
| 521 2# - TARGET AUDIENCE NOTE | |
| Target audience note | M <br/> |
| Source | Raz-Plus <br/> |
| 650 #0 - SUBJECT ADDED ENTRY--TOPICAL TERM | |
| Topical term or geographic name entry element | Hippopotamidae |
| Form subdivision | Miscellanea |
| -- | Juvenile literature. |
| 650 #0 - SUBJECT ADDED ENTRY--TOPICAL TERM | |
| Topical term or geographic name entry element | Animals |
| Form subdivision | Miscellanea |
| -- | Juvenile literature. |
| 650 #0 - SUBJECT ADDED ENTRY--TOPICAL TERM | |
| Topical term or geographic name entry element | Children's questions and answers. |
| 700 1# - ADDED ENTRY--PERSONAL NAME | |
| Personal name | Eliot, Hannah. |
| 700 1# - ADDED ENTRY--PERSONAL NAME | |
| Personal name | Oswald, Pete, |
| Relator term | illustrator. |
| 906 ## - LOCAL DATA ELEMENT F, LDF (RLIN) | |
| a | 7 |
| b | cbc |
| c | orignew |
| d | 1 |
| e | ecip |
| f | 20 |
| g | y-gencatlg |
| 942 ## - ADDED ENTRY ELEMENTS (KOHA) | |
| Source of classification or shelving scheme | Dewey Decimal Classification |
| Koha item type | Books |
| Suppress in OPAC | No |
| 999 ## - | |
| -- | 640 |
| -- | 640 |
| Withdrawn status | Lost status | Source of classification or shelving scheme | Damaged status | Not for loan | Collection | Home library | Current library | Shelving location | Date acquired | Total Checkouts | Full call number | Barcode | Date last seen | Date last checked out | Price effective from | Koha item type |
|---|---|---|---|---|---|---|---|---|---|---|---|---|---|---|---|---|
| Dewey Decimal Classification | Non-Fiction | Footprints International School Library Network Toul Kork Campus | Footprints International School Library Network Toul Kork Campus | TK Primary Library Room(4th Floor), Bookcase 5&6, Shelves 33-56, Orange Books | 06/27/2023 | 1 | DIS QL737.U57 | FISBK06090 | 11/23/2023 | 11/16/2023 | 06/27/2023 | Books |
